Word Ladder: Let's Rock! Quiz Stats

Quiz Updated Nov 20, 2014

Challenge
Share
Tweet
Embed
Score 0/25 Timer 03:00
0 Plays Today
Clue 4-Letter Rung % Correct
Fey or Turner, e.g.TINA
92.8%
Pharmacist's saleDRUG
91.4%
Snare or tom-tomDRUM
91.3%
Salad ingredient of the seaTUNA
89.6%
Barbie, e.g.DOLL
89.6%
Bell soundDONG
89.4%
ExtendedLONG
89.3%
Cinderella's soireeBALL
86.2%
Moth or moon goddessLUNA
86.1%
A Funnie Nickelodeon characterDOUG
84.9%
It's found in a chestLUNG
84.1%
Amusement park attractionRIDE
82.2%
Moranis or Santorum, e.g.RICK
78.9%
Clue 4-Letter Rung % Correct
Place for a patBACK
76.5%
Billiard hall itemRACK
74.5%
Point at the dinner tableTINE
74.3%
Give a ringCALL
73.7%
Like some tires or headsBALD
71.8%
Farmer's home?DELL
69.6%
Wedding shower?RICE
69.3%
A current event?TIDE
69.2%
Unit in a blockCELL
66.6%
COMMON BOND
Kaiser, e.g.
ROLL
57.8%
AM or FM specificationBAND
53%
It might hold your interestBANK
49.6%

Today's Daily Dose

You're not logged in!

Compare scores with friends on all Sporcle quizzes.
Sign Up with Email
OR
Log In

You Might Also Like...

Show Comments

Extras

Top Quizzes Today


Score Distribution

Your Account Isn't Verified!

In order to create a playlist on Sporcle, you need to verify the email address you used during registration. Go to your Sporcle Settings to finish the process.